|
|
|
|
| LEADER |
00000nbm0a2200000 4500 |
| 001 |
133398 |
| 005 |
20231215093645.0 |
| 035 |
|
|
|a (RuTPU)RU\TPU\book\144560
|
| 090 |
|
|
|a 133398
|
| 100 |
|
|
|a 20080317j20080415k y0rusy50 ca
|
| 101 |
0 |
|
|a rus
|
| 102 |
|
|
|a RU
|
| 105 |
|
|
|a a m 001zy
|
| 200 |
1 |
|
|a Оптимизация конструкции твэлов и ТВС канальных водоохлаждаемых реакторов на базе новых видов ядерного топлива
|e диссертация на соискание ученой степени кандидата физико-математических наук
|e спец. 01.04.14
|f Ю. А. Артельный
|g Сибирский химический комбинат ; науч. рук. П. М. Гаврилов
|
| 210 |
|
|
|a Северск
|c [Б. и.]
|d 2008
|
| 215 |
|
|
|a 150 л.
|c ил.
|
| 320 |
|
|
|a Библиогр.: с. 137-150 (111 назв.).
|
| 371 |
0 |
|
|a For_staff_use
|
| 606 |
|
|
|a Ядерные реакторы
|x Теплоносители
|2 stltpush
|3 (RuTPU)RU\TPU\subj\21690
|9 46644
|
| 610 |
1 |
|
|a реакторы с графитовым замедлителем
|
| 610 |
1 |
|
|a безопасная эксплуатация
|
| 610 |
1 |
|
|a ТВЭЛы
|
| 610 |
1 |
|
|a ячейки
|
| 610 |
1 |
|
|a теплогидравлические характеристики
|
| 610 |
1 |
|
|a нейтронно-физические характеристики
|
| 610 |
1 |
|
|a оптимизация
|
| 610 |
1 |
|
|a канальные водоохлаждаемые реакторы
|
| 610 |
1 |
|
|a диссертации
|
| 610 |
1 |
|
|a труды учёных ТПУ
|
| 675 |
|
|
|a 621.039.534(04)
|v 3
|
| 686 |
|
|
|a 01.04.14
|2 oksvnk
|
| 700 |
|
1 |
|a Артельный
|b Ю. А.
|g Юрий Александрович
|
| 702 |
|
1 |
|a Гаврилов
|b П. М.
|c специалист в области атомной энергетики
|c профессор Томского политехнического университета, доктор технических наук
|f 1960-
|g Петр Михайлович
|3 (RuTPU)RU\TPU\pers\27697
|4 727
|9 12771
|
| 712 |
0 |
2 |
|a Сибирский химический комбинат
|c Федеральное государственное унитарное предприятие
|c (Северск)
|3 (RuTPU)RU\TPU\col\111
|
| 801 |
|
1 |
|a RU
|b 63413507
|c 20080317
|g PSBO
|
| 801 |
|
2 |
|a RU
|b 63413507
|c 20200204
|g PSBO
|
| 942 |
|
|
|c BK
|